00538nam a22001697a 4500010001400000020002600014035001800040035001300058037001900071082000600090100001500096245012600111260003300237270005300270300002100323700002400344 a1617CH-EN a9788129131317c150.00 aB-645074-5099 aB-670035 aDPLbPancy/ven aS aAnu Kumar  aHow did the harappans say hello? : cby Anu Kumar; illustrated by Kavita Singh Kaleband 16 other mysteries of history /  aNew Delhi bRed Turtlec2014 a7/16, Ansari Road, DaryaganjbNew Delhi e110002 a117p.c19cm(pbk) aKale, Kavita Singh